Football - L'Équipe Type de la FIFA 2023 - Statistiques

Statistiques générales
  • Ce quiz a été pris 628 fois
  • Le résultat moyen est 7 sur 11
Statistiques - réponses
Poste Joueur % Correct
Attaquant Kylian Mbappé
95%
Attaquant Erling Haaland
86%
Attaquant Lionel Messi
84%
Gardien Thibaut Courtois
84%
Milieu de terrain Kévin De Bruyne
77%
Défenseur Ruben Dias
68%
Attaquant Vinicius Junior
66%
Milieu de terrain Bernardo Silva
45%
Milieu de terrain Jude Bellingham
41%
Défenseur Kyle Walker
40%
Défenseur John Stones
32%
Aucun quiz correspondant
Distribution des résultats
% des personnes avec chaque résultat
Percentile par nombre de réponses
Votre historique - résultats
Vous n’avez pas pris ce quiz